00528 2200181 4500001002100000008004100021035002000062245013100082250001000213260003000223300001500253020001800268084001700286082001100303650000900314990001200323990001100335INLIS000000000000768 ind  a0010-0722000317 aAmalan-Amalan Dahsyat Nabi Dari Pagi Hingga Malam HaribRahasia Hidup Berlimpah Berkah dan Bahagia Dunia AkhiratcAhmad Naufil acet:1 aYogyakarta:bAraskac2017 a208c21 cm a9786023003877 a297.34 AHM a a297.34 aNabi aDI. 258 aDI.259